000 01028nam a2200337 i 4500
001 000041442
003 DO-SdBNP
005 20260224131120.0
007 ta
008 101125s1990 sp a 000 0 spa d
020 _a8425414261
040 _aDO-SdBNP
_bspa
_cBNPHU
_erda
041 _aspa
082 4 _a171.4
_bM425a
_222
100 1 _aMateu, Gregorio,
_eautor
_4aut.
_947487
245 1 0 _aLa aventura de vivir /
_cGregorio Mateu.
250 _atercera edición
264 1 _aBarcelona, España :
_bHerder,
_c1990.
300 _a368 páginas :
_bilustraciones;
_c22 cm.
336 _atexto
_btxt
_2rdacontent
337 _asin mediación
_bn
_2rdamedia
338 _avolumen
_bnc
_2rdacarrier
500 _aIncluye índice de fuentes y nombres
500 _aIncluye índice de materias
504 _aBibliografía : páginas 361-364
650 4 _a Hedonismo
_946447
650 4 _aExistencialismo
_936017
650 7 _aFelicidad
_2LIBRUNAM
_95856
650 7 _aConducta de vida
_2LIBRUNAM
_911947
942 _2ddc
_cLBS1
999 _c40932
_d40932